Mechanizm kontrolja za denežnoj massoj.

Základné metódy kontroly peňažnej masy. Politika centrálnej banky pri kontrole peňažnej masy. Peňažná masa a financovanie deficitu štátneho rozpočtu. Nová schéma kontroly peňažnej masy. Základné faktory pohybu peňažných prostriedkov.

Guardado en:
Detalles Bibliográficos
Autor principal: Babičeva, Ju
Otros Autores: Trochova, O.
Formato: Capítulo de libro
Lenguaje:ruso
Materias:
Etiquetas: Agregar Etiqueta
Sin Etiquetas, Sea el primero en etiquetar este registro!

MARC

LEADER 00000naa a2200000 4500
001 r005379
005 20221130103010.4
041 0 |a rus 
044 |a [SU] 
245 1 0 |a Mechanizm kontrolja za denežnoj massoj.  |c Ju. Babičeva, O. Trochova 
520 |a Základné metódy kontroly peňažnej masy. Politika centrálnej banky pri kontrole peňažnej masy. Peňažná masa a financovanie deficitu štátneho rozpočtu. Nová schéma kontroly peňažnej masy. Základné faktory pohybu peňažných prostriedkov. 
610 2 0 |a peniaze 
610 2 0 |a banky emisné 
610 2 0 |a rozpočet štátny 
610 2 0 |a deficit 
610 2 0 |a obeh peňažný 
100 1 |a Babičeva, Ju. 
700 1 |a Trochova, O.